| 000 | 01081nam a2200301 i 4500 | ||
|---|---|---|---|
| 003 | EG-GICUC | ||
| 005 | 20260418130956.0 | ||
| 008 | 260418s1924 -us fr|||| 000 0 eng d | ||
| 040 |
_aEG-GiCUC _beng _cEG-GiCUC _dEG-GiCUC _erda |
||
| 041 | 0 | _aeng | |
| 082 | 0 | 4 |
_221 _a343.5 _bFR . C |
| 092 | 0 | 4 | _221 |
| 099 | _aLAW1 10 343.5 FR . C 1 ed - 1924 | ||
| 100 | 1 |
_aGoadby.frederic M, M.a., B.c.l. _eAuthor. |
|
| 245 | 1 | 0 |
_aCommentary On Egyptian Criminal Law And The Related Criminal Law Of Palestine, Cyprus, And Iraq: _nPart 1/ _cBy Frederic M. Goadby. |
| 264 |
_aCairo : _bGoveernment Press, _c1924. |
||
| 300 |
_a332 pages ; 12 _c24 cm |
||
| 336 |
_2rda content _atext |
||
| 337 |
_2rda media _aComputer |
||
| 338 |
_2rda carrier _aOnline Resource |
||
| 504 | _aSometime Lecturer In The Royal School Of Law, Cairo, Director Of Legal Studies To The Government Of Palestine. | ||
| 546 | _aText in English | ||
| 650 | 1 | 4 |
_aCriminal Law. _2qrmak |
| 651 | 1 | _2qrmak | |
| 856 | 4 | 0 | _uhttps://fll.law.cu.edu.eg/fulltext/bks/B10-09994.pdf |
| 905 | _a171 | ||
| 942 |
_2ddc _cBK _e21 _n0 |
||
| 999 |
_c71641 _d71641 |
||